NLSUI OPAC header image

The Oxford handbook of American public opinion and the media / (Record no. 113309)

MARC details
000 -LEADER
fixed length control field 01513cam a2200361 a 4500
001 - CONTROL NUMBER
control field 16890493
003 - CONTROL NUMBER IDENTIFIER
control field OSt
005 - DATE AND TIME OF LATEST TRANSACTION
control field 20190403185222.0
008 - FIXED-LENGTH DATA ELEMENTS--GENERAL INFORMATION
fixed length control field 110726s2011 enka b 001 0 eng d
010 ## - LIBRARY OF CONGRESS CONTROL NUMBER
LC control number 2011283508
020 ## - INTERNATIONAL STANDARD BOOK NUMBER
International Standard Book Number 9780199545636
035 ## - SYSTEM CONTROL NUMBER
System control number (OCoLC)ocn699767185
040 ## - CATALOGING SOURCE
Original cataloging agency BTCTA
Language of cataloging eng
Transcribing agency BTCTA
Modifying agency ERASA
-- YDXCP
-- NLE
-- ELW
-- DLC
042 ## - AUTHENTICATION CODE
Authentication code lccopycat
043 ## - GEOGRAPHIC AREA CODE
Geographic area code n-us---
082 04 - DEWEY DECIMAL CLASSIFICATION NUMBER
Classification number 303.380973
Edition number 22
245 04 - TITLE STATEMENT
Title The Oxford handbook of American public opinion and the media /
Statement of responsibility, etc. edited by Robert Y. Shapiro and Lawrence R. Jacobs.
246 30 - VARYING FORM OF TITLE
Title proper/short title American public opinion and the media
260 ## - PUBLICATION, DISTRIBUTION, ETC.
Place of publication, distribution, etc. Oxford ;
-- New York :
Name of publisher, distributor, etc. Oxford University Press,
Date of publication, distribution, etc. 2011.
300 ## - PHYSICAL DESCRIPTION
Extent xvii, 784 p. :
Other physical details ill. ;
Dimensions 26 cm.
490 1# - SERIES STATEMENT
Series statement The Oxford handbooks of American politics
504 ## - BIBLIOGRAPHY, ETC. NOTE
Bibliography, etc. note Includes bibliographical references and indexes.
650 #0 - SUBJECT ADDED ENTRY--TOPICAL TERM
Topical term or geographic name entry element Mass media and public opinion
Geographic subdivision United States.
650 #0 - SUBJECT ADDED ENTRY--TOPICAL TERM
Topical term or geographic name entry element Public opinion
Geographic subdivision United States.
650 #0 - SUBJECT ADDED ENTRY--TOPICAL TERM
Topical term or geographic name entry element Mass media
Geographic subdivision United States.
700 1# - ADDED ENTRY--PERSONAL NAME
Personal name Shapiro, Robert Y.,
Dates associated with a name 1953-
700 1# - ADDED ENTRY--PERSONAL NAME
Personal name Jacobs, Lawrence R.
830 #0 - SERIES ADDED ENTRY--UNIFORM TITLE
Uniform title Oxford handbooks of American politics.
856 42 - ELECTRONIC LOCATION AND ACCESS
Uniform Resource Identifier <a href="http://www.oxfordhandbooks.com/view/10.1093/oxfordhb/9780199545636.001.0001/oxfordhb-9780199545636?rskey=zmnog6&result=6">http://www.oxfordhandbooks.com/view/10.1093/oxfordhb/9780199545636.001.0001/oxfordhb-9780199545636?rskey=zmnog6&result=6</a>
906 ## - LOCAL DATA ELEMENT F, LDF (RLIN)
a 7
b cbc
c copycat
d 2
e ncip
f 20
g y-gencatlg
942 ## - ADDED ENTRY ELEMENTS (KOHA)
Source of classification or shelving scheme Dewey Decimal Classification
Koha item type E-Books - Cambridge, Bloomsbury, Oxford Handbooks & West Academic
Holdings
Withdrawn status Lost status Source of classification or shelving scheme Damaged status Not for loan Home library Current library Shelving location Date acquired Source of acquisition Total Checkouts Full call number Barcode Date last seen Price effective from Koha item type
    Dewey Decimal Classification     NLS NLS   03/04/2019 Purchased   303.380973 EBK-248 03/04/2019 03/04/2019 E-Books - Cambridge, Bloomsbury, Oxford Handbooks & West Academic